Título I de la Constitución española - Estadísticas

Estadísticas generales
  • Esta prueba ha sido intentada 110 veces
  • La puntuación promedio es 8 de 46
Estadísticas de respuestas
Hint Respuesta % Correcto
Artículo 11 Nacionalidad
53%
Artículo 15 Vida
53%
Artículo 12 Mayoría de edad
44%
Artículo 27 Educación
38%
Artículo 14 Igualdad ante la ley
38%
Artículo 35 Trabajo
38%
Artículo 21 Reunión
34%
Artículo 20 Libertad de expresión
31%
Artículo 47 Vivienda
31%
Artículo 32 Matrimonio
28%
Artículo 24 Tutela judicial
25%
Artículo 16 Libertad ideológica
22%
Artículo 33 Propiedad privada
22%
Artículo 43 Salud
22%
Artículo 17 Libertad y seguridad
19%
Artículo 55 Suspensión
19%
Artículo 26 Tribunales de Honor
19%
Artículo 44 Cultura
16%
Artículo 39 Familia
16%
Artículo 19 Libertad de circulación
16%
Artículo 45 Medio ambiente
16%
Artículo 23 Participación
16%
Artículo 29 Petición
16%
Artículo 54 Defensor del pueblo
13%
Artículo 10 Derechos de la persona
13%
Artículo 34 Fundación
13%
Artículo 53 Garantías
13%
Artículo 52 Organizaciones profesionales
13%
Artículo 46 Patrimonio
13%
Artículo 41 Seguridad Social
13%
Artículo 28 Sindicación
13%
Artículo 48 Juventud
9%
Artículo 37 Negociación colectiva
9%
Artículo 50 Tercera edad
9%
Artículo 22 Asocación
6%
Artículo 13 Extranjeros en España
6%
Artículo 36 Colegios profesionales
3%
Artículo 49 Discapacidad
3%
Artículo 42 Emigrantes
3%
Artículo 38 Libertad de empresa
3%
Artículo 18 Privacidad
3%
Artículo 40 Progreso social
3%
Artículo 51 Consumidores
0%
Artículo 30 Defensa militar
0%
Artículo 25 Legalidad penal
0%
Artículo 31 Sistema tributario
0%
No se encontraron pruebas coincidentes
Distribución de puntuación
Porcentaje de gente con cada puntuación
Porcentaje por número respondido
Historial de tus puntuaciones
No has intentado esta prueba.